000 00682nam a2200217Ia 4500
005 20241129110128.0
008 241129s9999||||xx |||||||||||||| ||und||
020 _a978-1-032-66795-9
037 _aTB
040 _aARTS
_beng
_cARTS
041 _aeng
_2san
084 _aO15:g(D65,8(B)) R3
_qARTS
100 _aZaidi Nishat Ed.; Pue A Sean Ed.
_9727312
245 0 _aLiterary cultures and digital humanities in India
_cZaidi Nishat Ed.; Pue A Sean Ed.
260 _aUK
_bRoutledge
_c2023
300 _axvii,395p.
365 _aINR
_b1595
650 _aSanskrit LiteratureComputer Science
_9727313
942 _cTB
_hO15:g(D65,8(B)) R3
999 _c1227417
_d1227417